| 000 | 00469nam a2200193Ia 4500 | ||
|---|---|---|---|
| 005 | 20230708110341.0 | ||
| 008 | 131103s9999 xx 000 0 und d | ||
| 020 | _a0-440-21749-0 | ||
| 040 | _aLoreto College | ||
| 041 | _aEnglish | ||
| 082 |
_aF _bFOL |
||
| 100 | _aFollett, Ken | ||
| 245 | 2 |
_aA dangerours fortune _cKen Follett |
|
| 260 |
_aNew York _bDell Publishing _cc1993 |
||
| 300 | _a560p. | ||
| 650 | _aEnglish fiction | ||
| 850 | _aLCLIB | ||
| 942 | _cBK | ||
| 999 |
_c18191 _d68670 |
||